| 000 | 01095nac a22003017a 4500 | ||
|---|---|---|---|
| 001 | BR7404038 | ||
| 003 | BR-BrBNA | ||
| 005 | 20240105113758.0 | ||
| 008 | 230509b bl.|||m| |||| 00| 0 por d | ||
| 040 |
_aBR-BrBNA _bpor _cBiblioteca Nacional de Agricultura |
||
| 072 | _aE15; F00; L00 | ||
| 090 | _aE15 BR7404038 | ||
| 100 | 1 | _aGrawunder, A.F. | |
| 110 | 1 | _aUniversidade Federal do Rio Grande do Sul, Porto Alegre (Brasil). Centro de Estudos e Pesquisas Economicas | |
| 245 | 1 | _aO planejamento economico de uma fazenda no Rio Grande do Sul [Brasil] | |
| 260 | 3 |
_aPorto Alegre, RS (Brasil): _c1973. |
|
| 300 | _a259 p. | ||
| 490 |
_aTese de Conclusao dos Cursos de Pos-Graduacao em Economia Rural e Sociologia Rural (Brazil) _vno. 31 _x |
||
| 500 | _aSummary (Pt); 30 ref. | ||
| 502 | _aTese (Pos-Graduacao em Economia Rural e Sociologia Rural) | ||
| 650 | _aProducao vegetal | ||
| 650 | _aProducao animal | ||
| 650 | _aFazenda | ||
| 650 | _aPlanejamento economico | ||
| 650 | _aRio Grande do Sul | ||
| 909 |
_a202312 _bLúcia Elande _c55 _dLúcia Elande |
||
| 942 |
_2AGRIS _n0 _cMS |
||
| 999 |
_c265519 _d265519 |
||